La protección del medio ambiente en Cuba : (Record no. 24745)
[ view plain ]
| 000 -CABECERA | |
|---|---|
| campo de control de longitud fija | 00976nam a2200205 u 4500 |
| 001 - NÚMERO DE CONTROL | |
| campo de control | 000025252 |
| 005 - FECHA Y HORA DE LA ÚLTIMA TRANSACCIÓN | |
| campo de control | 20200930023648.0 |
| 008 - DATOS DE LONGITUD FIJA--INFORMACIÓN GENERAL | |
| campo de control de longitud fija | 110209s2005 ck a r 000 | spa d |
| 020 ## - NÚMERO INTERNACIONAL ESTÁNDAR DEL LIBRO | |
| Número Internacional Estándar del Libro | 9590607667 |
| 040 ## - FUENTE DE LA CATALOGACIÓN | |
| Centro catalogador/agencia de origen | DO-SdBNP |
| Lengua de catalogación | spa |
| Centro/agencia transcriptor | BNPHU |
| 082 ## - NÚMERO DE LA CLASIFICACIÓN DECIMAL DEWEY | |
| Número de clasificación | xxx |
| Número de documento/Ítem | D536p |
| 049 ## - FONDOS LOCALES (OCLC) | |
| Fondos de biblioteca | BNGR |
| 100 1# - ENTRADA PRINCIPAL--NOMBRE DE PERSONA | |
| Nombre de persona | Di Cagno, Vittorio |
| 9 (RLIN) | 42312 |
| 245 13 - MENCIÓN DE TÍTULO | |
| Título | La protección del medio ambiente en Cuba : |
| Resto del título | una nueva cultura de la naturaleza ; El legado de José Martí ; La ley cubana No. 81/97 del medio ambiente / |
| Mención de responsabilidad, etc. | Vittorio Di Cagno; edición y correción Javier Bertrán Martínez ; prólogo Eusebio Leal Spengler. |
| 260 ## - PUBLICACIÓN, DISTRIBUCIÓN, ETC. | |
| Lugar de publicación, distribución, etc. | La Habana : |
| Nombre del editor, distribuidor, etc. | Ciencias Sociales, |
| Fecha de publicación, distribución, etc. | 2005. |
| 300 ## - DESCRIPCIÓN FÍSICA | |
| Extensión | x, 353 p. : |
| Otras características físicas | il. ; |
| Dimensiones | 19 cm. |
| 500 ## - NOTA GENERAL | |
| Nota general | "Edición provisional para la V Convención Internacional sobre Medio Ambiente y Desarrollo - Palacio de las Convenciones - La Habana - Cuba - 4 al 8 de julio de 2005." |
| 700 1# - PUNTO DE ACCESO ADICIONAL--NOMBRE DE PERSONA | |
| Nombre de persona | Bertrán Martínez, Javier |
| Término indicativo de función/relación | ed. |
| 9 (RLIN) | 3234 |
| 700 1# - PUNTO DE ACCESO ADICIONAL--NOMBRE DE PERSONA | |
| Nombre de persona | Leal Spengler, Eusebio |
| -- | pról |
| 9 (RLIN) | 51749 |
| Estado de retiro | Estado de pérdida | Restricciones de uso | No para préstamo | Código de colección | Localización permanente | Ubicación/localización actual | Ubicación en estantería | Fecha de adquisición | Número de inventario | Total de préstamos | Signatura topográfica completa | Código de barras | Fecha visto por última vez | Precio válido a partir de | Tipo de ítem Koha |
|---|---|---|---|---|---|---|---|---|---|---|---|---|---|---|---|
| Excluido de préstamo | Monografías: Libros y Folletos | General | General | En catalogación | 11.02.2011 | LF1 | xxx D536p | 25252-10 | 25.06.2020 | 25.06.2020 | No se presta |
